[Event "Oregon Junior Closed (Championship)"]
[Site "Portland, OR"]
[Date "2024.12.07"]
[Round "2"]
[White "Nobles, Will"]
[Black "Tang, Austin"]
[Result "0-1"]
[Annotator "Wilson Gibbins"]
[WhiteElo "1875"]
[BlackElo "2164"]
[PlyCount "124"]
[GameId "2130156794269077"]
[EventDate "2024.12.06"]
[EventType "tourn"]
[EventRounds "5"]
[EventCountry "USA"]
[SourceVersionDate "2024.12.14"]

{[%evp 0,124,16,28,97,58,89,51,55,41,41,41,50,56,40,-42,4,-38,-10,-84,-24,-118,-68,-127,41,-25,14,-59,-59,-68,-52,-52,-58,-73,-57,-67,-58,-75,-75,-54,-23,-23,-24,-58,-9,-26,-25,-6,-8,-49,-1,-114,-104,-170,-102,-163,-69,-78,10,10,10,-33,7,-11,41,-140,128,232,208,205,324,245,278,303,298,-257,94,95,218,117,148,71,76,33,47,47,80,56,41,41,77,77,77,33,58,-83,-52,-353,-344,-350,-367,-385,-348,-349,-334,-346,-346,-363,-299,-352,-355,-349,-353,-371,-325,-375,-356,-388,-272,-523,-509,-1172,-477,-676,-1173,-1282,-1282]} 1. e4 c5 2. Nc3 d6 3. Nge2 {The Chameleon Sicilian, popularized by Andrew Soltis. Maybe White will play a Closed Sicilian with g2-g3 and Bf1-g2. Maybe White will play d2-d4, returning to a mainline Open Sicilian. Black must be on his guard if he is not to get tricked into playing an Open Sicilian line that he does not know.} Nc6 {If Black was hoping to play the Najdorf variation, this move says goodbye to those hopes. In this case, no worries - Austin has extensive experience in the Classical Sicilian.} 4. d4 cxd4 5. Nxd4 Nf6 6. Bg5 {If you are not interested in the opening theory of this position, I recommend skipping all the notes from here to White's move 9.} Bd7 {The Modern Variation of the Richter-Rauzer Sicilian, the second most popular move for Black. The most popular move is 6...e6 to prevent White from doubling his pawns with 7.Bxf6. But since Black often ends up with doubled f-pawns in these lines anyway, Modern Variation players like Austin just accept that these doubled pawns are their lot in life and move on.} 7. f4 {This looks like a normal move to 6.Bg5 Najdorf players, but Richter-Rauzer players move 7.Qd2 first and ask questions later.} ({After the main move} 7. Qd2 {Black often strives to sacrifice an exchange just to reach an unclear ending like this -} Rc8 8. O-O-O Nxd4 9. Qxd4 Qa5 10. f4 ({White can play} 10. Bd2 {to avoid split pawns.}) 10... Rxc3 11. bxc3 e5 12. Qb4 $1 Qxb4 $1 13. cxb4 Nxe4 14. Bh4) 7... Qb6 {the best response. But Black's move was once considered a refutation of 7.f4, now only considered equal.} 8. Bxf6 ({The main line of the "refutation" goes} 8. Nb3 Ng4 9. Qe2 (9. Qd2 Qe3+ 10. Qxe3 Nxe3 $17) 9... Nd4 10. Qd2 (10. Nd5 $6 Nxe2 11. Nxb6 axb6 {and this unbalanced ending favors Black}) 10... Nxb3 11. axb3 Qe3+ 12. Qe2 $11 (12. Qxe3 {is also equal according to Stockfish, but not according to the old opening manuals, mainly because Leonid Stein won the following game. Back in the day the opening evaluations were often biased towards who won a famous game, instead of our current bias towards whatever Stockfish tells us.} Nxe3 13. Kd2 Nxf1+ 14. Rhxf1 e6 15. Ra5 Bc6 16. Re1 d5 17. exd5 Bb4 18. Raa1 Bxd5 19. Re2 f6 20. Bh4 Kf7 21. Kc1 Bc6 22. Ne4 Rhd8 23. Bf2 b6 24. c3 Be7 25. g3 Rd7 26. Kc2 Rad8 27. Bd4 Bb5 28. Rf2 Rc7 29. Rd2 Rd5 30. c4 Rh5 31. Bg1 Bc6 32. Nd6+ Kf8 33. Re1 Bd7 34. Ne4 Bb4 35. Nc3 Kf7 36. Red1 Bc6 37. Rd8 Ra5 38. R8d3 h5 39. Re1 Be8 40. Rde3 Kf8 41. Rxe6 {0-1 Polugaevsky,L-Stein,L URS Club Team-ch Riga 1968 (8.1)})) 8... gxf6 {White is still equal, but after Will's next move} 9. Nf3 $6 {Black is now a little better, though the position is sufficiently murky for all three results.} f5 $15 {The circumspect way to play for an edge.} (9... Qxb2 $1 10. Nd5 O-O-O {looks dangerous to both sides, as are most positions resulting from 1.e4 c5.}) 10. Bc4 fxe4 $17 (10... Bg7 {and}) (10... Qxb2 {are also strong for Black}) 11. Nxe4 h6 $6 $15 {Perhaps this was played to stop 12.Nfg5 if Black castles long, as the f-pawn seems to be in danger, but Black can neutralize White's apparent threat to the f-pawn with tricks.} (11... O-O-O 12. Nfg5 $2 (12. Neg5 $2 Qb4+) (12. Bxf7 Bh6 13. Bb3 (13. g3 d5 $1 14. Bxd5 Bf5 {and White's pinned Bishop on d5 is in big trouble}) 13... Bxf4 (13... Rhf8)) (12. Qe2 {(best)} Qxb2 13. O-O Nd4 $17) 12... d5 13. Bxd5 (13. Qxd5 Qe3+ 14. Be2 Bg4) 13... Bf5 {Once again, White's pinned bishop is in big trouble. The Sicilian - easy to play with your chess engine running, hard to play with your chess clock running.}) 12. Qe2 O-O-O 13. Bxf7 $6 (13. O-O-O {is roughly equal}) 13... Bg7 $1 (13... Qxb2 $2 14. O-O {White has a slight edge in this highly unbalanced position.}) 14. c3 Rhf8 15. Bd5 Rxf4 16. a4 $6 {It is tempting to start a pawn storm on Black's king, but the queenside is the safest place for White's king, so this move weakens White’s pawn cover for his king.} (16. O-O-O $15) 16... Bg4 $6 {Why relinquish the advantage of the two bishops? Black is still much better if he keeps this bishop on the board.} (16... Kb8 $17) (16... Rdf8 $17) 17. Nf2 $1 {Now Will reels off a series of accurate moves that allow him to snuff out Austin's opportunities.} Bxf3 18. Bxf3 Ne5 19. Nd3 $1 Rf5 20. O-O-O {best and equal, but maybe White now regrets his 16th move.} Kb8 21. Qe4 Nxd3+ 22. Rxd3 Re5 23. Qg4 Bf6 24. Rhd1 Rc8 25. Kc2 Rec5 26. Ra1 {Hmm, maybe I should retract my judgy comments on White's 16th and 20th moves. Will finds a way to make his 16th move pay off.} Rc4 27. Qe6 Qa5 28. Ra3 Qe5 29. Rb3 $1 R4c7 30. Qg4 {Will bravely keeps queens on the board, believing in the attacking strength of his active rooks and unopposed white squared bishop. He will be rewarded for his bravery on the next move.} ({Killjoy Stockfish likes White's slight positional advantage resulting from} 30. Qd5 Qxd5 31. Rxd5 a6 {stopping Rd5-b5} 32. Rh5) 30... Qe1 $2 (30... e6 31. Qb4 d5 {equalizes by blocking White's bishop attack on b7}) 31. Qb4 b6 32. a5 Bg5 33. Rd1 $16 (33. Ra3 {also gives Black problems}) 33... Qf2+ 34. Kb1 {I believe the rest of the game is played in time trouble.} Qc5 {Not objectively the best move, but perhaps practically best.} (34... Rc4 35. Qa3 Qc5 36. axb6 Qxa3 37. bxa7+ Kxa7 38. Rxa3+ {is objectively best for Black, bit leaves Black in groveling mode.}) 35. Qa4 Qf5+ 36. Be4 Qd7 37. Qb4 $2 (37. Rb5 $18) (37. Qd4 $18 b5 38. Qd5) (37. Qxd7 Rxd7 38. Bf5) 37... Be3 $2 (37... Rc4 $1 38. Qa3 Rxe4 ({or} 38... Ra4 39. axb6 a5)) 38. axb6 Bxb6 39. Bf3 $2 {Back to equal. Now Austin reels off a series of accurate moves to snuff out Will's opportunities.} (39. Qa5 $1 Rb7 40. Qa6 $18) 39... Rc4 $1 40. Qa5 R8c5 $1 41. Qa6 Ra4 42. Qd3 Qe6 $2 {allowing Will to improve his prospects, which he graciously accepts.} (42... Re5 $11) 43. Bd5 $1 $16 Qe5 44. Rb5 $1 Ra5 45. Rxa5 Rxa5 46. Qc4 (46. h3 $16) 46... Rc5 (46... Qf5+ 47. Be4 Qb5 48. Qf7 Ra1+ 49. Kxa1 Qa4+ 50. Qa2 $1 (50. Kb1 Qxd1+ 51. Ka2 Qa4+ 52. Kb1 Qxe4+) 50... Qxd1+ 51. Bb1 $11) 47. Qb3 $2 (47. Qd3 $14) (47. Qg4 Rxd5 $4 (47... Rb5 $1 $14) 48. Qg8+) 47... Qf5+ 48. Qc2 $2 {Both players made choices throughout the game that have resulted in a dramatic back-and-forth struggle where it has been impossible to predict who will come out on top. That back-and-forth struggle has just come to an end - no drama remains.} (48. Kc1 $1 $11) 48... Rxd5 49. Rxd5 Qxd5 50. Qh7 Qg5 51. Qe4 Kc7 52. Qc4+ Kd7 53. Qe4 Qe5 54. Qb7+ Ke6 55. Qc8+ Kf7 56. Qh3 Qf6 57. g4 e5 58. Qg2 e4 59. h4 Qf3 60. Qh2 Ke6 61. g5 e3 62. gxh6 e2 0-1

[Event "US Senior Women's Championship"]
[Site "Salt Lake City, UT"]
[Date "2024.12.15"]
[Round "4"]
[White "Kuhner, Mary"]
[Black "Sekar, Jayashree"]
[Result "1-0"]
[Annotator "Mary Kuhner"]
[WhiteElo "1711"]
[BlackElo "1600"]
[PlyCount "99"]
[GameId "2133669281583389"]
[EventDate "2024.12.13"]
[EventType "swiss"]
[EventRounds "5"]
[EventCountry "USA"]
[SourceVersionDate "2024.12.14"]

{[%evp 0,99,20,18,29,22,29,19,21,-7,-13,1,12,-10,18,-15,35,11,36,2,12,-41,33,26,72,24,129,137,142,109,158,108,111,-87,-95,-72,18,37,42,-19,26,18,140,76,114,-2,112,-128,-50,-29,-51,-52,-93,-70,245,248,224,211,207,214,198,193,286,286,324,324,336,343,673,638,638,142,1171,494,504,516,553,558,602,642,660,493,678,528,1434,471,481,518,566,640,702,731,801,1174,1194,1486,1530,1888,29983,29986,29987,29988]} 1. e4 Nc6 2. Nf3 {I didn't feel like playing her pet opening, and she doesn't force me to do so.} e5 3. Bc4 Bc5 4. c3 Nf6 5. d3 d6 6. Nbd2 O-O 7. a4 a6 {In the database this is a drawish line, but I knew a game with Jayashree was likely to be anything but drawish. She had already upset two strong players in this event. I hoped that I could provoke a risky attack and bring my defensive skills to bear.} 8. O-O {I should know this opening--like all of my openings--better than I do. I didn't want to play h3 making the eventual ...Nf4 even stronger; I didn't think I could play Nf1 due to the weakness of f2.} ({Stockfish says} 8. Nf1 Ng4 9. Ne3 {is perfectly playable, though it didn't feel that way at the time.}) 8... Ne7 {Going to f4 eventually, I guessed.} 9. Nb3 $2 {This can't be good, given that it traps my bishop. But I was struggling to get my pieces untangled without h3, which I still didn't want to play.} Ba7 10. Be3 Ng6 11. Nbd2 Kh8 {Now she's signalling a desire to play ...f5.} 12. d4 ({Because of my concerns about a knight on f4, I discarded the computer's favored line} 12. Bxa7 Rxa7 13. Re1 {but now I see that} Nf4 {will simply be undermined by} 14. d4) 12... Nf4 $2 {She should hold out for trying to plant a piece on this square, not a pawn that will block important attacking lines.} 13. Bxf4 ({better is} 13. dxe5 dxe5 14. Bxa7 Rxa7 15. Nxe5) 13... exf4 14. Qc2 Nh5 15. Bd3 g5 {Here it comes!} 16. e5 $2 g4 ({My idea works fine against} 16... dxe5 17. Nxe5 {but this is a big problem}) 17. Ne1 f5 $2 {This closes lines--including my line against h7, but h7 really doesn't matter and Jayashree should strive to keep things more open.} (17... dxe5 {unleashes the fury of the Ba7, which is likely to be more than I can handle}) 18. exd6 cxd6 19. Nc4 Bb8 {Despite two of her own pawns in the way, Jayashree forsees a future for this bishop on the b8-h2 diagonal.} 20. Qd2 Qh4 21. g3 ({Both here and later Stockfish recommends} 21. Nb6 {but the wide variety of sacrifices available to Black was seriously worrying me.}) 21... Qh3 {Now comes a turning point. I was very much afraid of ...f3 followed by a mate on g2 or h2 that I wouldn't be able to stop. Having been watching Jayashree play, I knew she wouldn't hesitate to sacrifice for it. But the move I chose gives me permanent weaknesses by opening lines, and apparently it's not necessary.} 22. gxf4 $6 (22. Qe2 f3 23. Qe7 {apparently ties up Black's undeveloped pieces and doesn't permit her to make progress with her attack.}) (22. Nb6 {is also possible but how White defends is even less clear to me here.}) 22... Be6 23. Ng2 Bd5 24. Nce3 Bf3 {I somehow did not see that this bishop could settle in on f3, and now I'm in terrible trouble. The one ray of hope is quickly bringing my bishop to f1 where it will both defend my king and menace Black's queen, which is short of squares.} 25. Rfe1 d5 26. Bf1 {Jayashree is completely winning, but has only 1 minute on her clock from here on out ( the event was G/90 with 30 seconds increment ) and makes a panicky move that throws away her advantage.} Bxg2 $4 27. Bxg2 Qh4 28. Nxd5 {Not for the pawn's sake but to cover f4. The game now revolves around the f4 pawn, because if it falls the floodgates will re-open for Black's pieces. ( Though it was some comfort to me that the pseudo-fianchettod light square bishop means that ...Qxh2+ won't necessarily lead to mate. )} Bd6 29. Re6 Rad8 30. Rae1 Bb8 {I realized to my dismay that she is threatening to sacrifice the exchange on d5, after which f4 and h2 fall and the attack is on again. I found a solution that the computer turns out to approve, though during the game it felt like I was building a house of cards that might fall down at any moment.} 31. Rh6 Kg7 32. Ree6 Rxd5 {Jayashree throws a last bit of fuel on the fire, reckoning that the endgame offers her nothing.} 33. Bxd5 g3 ({The goal of 31. Rh6 was to be able to meet} 33... Bxf4 {with} 34. Qxf4 Nxf4 35. Rxh4 Nxd5) 34. fxg3 Qg4 35. Qe2 $6 {Loses quite a bit of material unnecessarily but is still winning.} Nf6 $2 (35... Qxe2 36. Rxh7+ Kxh7 37. Rxe2 {and White has four pawns for the piece and is likely to pocket one or two more soon, but there's scope for an error. After this move there is very little.}) 36. Rhxf6 Qxe2 37. Rxe2 Rxf6 38. Re7+ Kh6 39. Rxb7 Bd6 40. Bg8 Kh5 41. h3 Rh6 42. Rxh7 Rxh7 43. Bxh7 {Bishops of opposite colors, but there's no way the bishop can dance at this many weddings--I'm about to be up six healthy pawns.} a5 44. Bxf5 Be7 45. Kf2 Bd6 46. Ke3 Be7 47. c4 Bb4 48. c5 Be1 49. c6 Bxg3 50. c7 1-0